Quizz sur le groupe B - Statistiques

Statistiques générales
  • Ce quiz a été pris 20 fois
    16 depuis la dernière actualisation
  • Le résultat moyen est 24 sur 51
Statistiques - réponses
Hint Réponse % Correct
Merci qui Matthieu
80%
Footballeur rêvant de Bob marley dans son sommeil, aime grimper Anselme
70%
Individu dangereux et bavard, elle est également le souffre douleur de la matière "Statistiques", à l'effigie d'un mouvement populaire de soutien Celestine
70%
2004 alcoolique qui a quitté en cours d'année Emilien
70%
Vous ne le croirez jamais, mais il fume... Jean
70%
Pue la bière a 8h du mat, aime les débats politiques avec Anissa, on raconte qu'il sait jouer aux fléchettes même en dormant Jules
70%
Seul homme ayant quitté le groupe B en fin d'année, Reviens nous, tu nous manques... Thomas
70%
N'a aucune gêne à jouer à Zelda ou Minecraft en cours, il existe un filtre snapchat s'en inspirant. Ambre
60%
Admirateur du Z, fait des passes de rock pendant les oraux, ne supporte pas plus de 0.34g d'Ethanol.L de sang + kebab après avoir vomi baptiste
60%
Par haine de Lyse, il ne veut plus nous voir Foukani
60%
véritable respo du groupe B, supportrice du bayern, stacey ne l'aime pas Lyse
60%
Possède une bombe à retardement vu le bruit que fait la machine accrochée à elle, elle est de type 1 Margaux
60%
Certains se lèvent devant un magnifique lever de soleil, d'autres devant la boucherie Marie
60%
Aime montrer à tout le monde qu'elle a compris en s'endormant en amphithéatre, une belle image de la generation 2002 Pauline
60%
Vous vous souvenez d'elle, sérieusement ? Théonie
60%
Instagrammeur et tiktokeur réputé, initaiteur du mouvement #JesuisCelestine Thibaut
60%
Matière importante ( j'espère être payé en écrivant ça ) Biochimie
50%
Eternelle rivale de baptiste et alice petit serennes, fait des meilleurs CV que Canva lui-même Cyrielle
50%
Chanteuse des années 70 présente dans l'écriture avec contrainte, cochonne callipyge Dalida
50%
Fantôme qui parle un peu trop, fanatique de filtre Snapchat, Respo B entre guillemets Elsa
50%
Concept cher à Anissa Demdoum, évité de peu en épistémologie car elle n'est plus avec nous féminisme
50%
Se fait chier comme un rat mort dans le groupe A a cause de son niveau trop elevé en anglais, a battu le record d'absences en un semestre Hermine
50%
Homme vantant son surplus de testostérone, lié selon lui à son absence de capilarité. Jerome Follet
50%
Petite parisienne devenue bretonne, ancienne Go muscu Lea P
50%
Chef d'oeuvre présenté par baptiste, on y voit notamment un énorme phallus l'origine de la guerre
50%
Calvitie assumée de versailles qui aime flex sur sa culture G assez aléatoire Lucas
50%
Dodeldire en faisant la goutte d'eau en statistique, grand amateur de ratio Maxime
50%
Aime se sentir à The Voice pendant un oral, quitte à faire se retourner le jury Sophia
50%
Couleur favorite de Célestine Vert
50%
Son redoutable nom de famille est le cauchemar de tous les professeurs les plus aguerris en prononciation Axelle
40%
Aime dévorer le micro et chercher la limite de toute chose, possède une diction hétérogène en terme d'intensité sonore Chebib
40%
In fine / Shut up / Programme de CM2 / faut pas avoir fait st cire / pro#Lachimiecestlavie Christophe Waterlot
40%
Objet petit et fin, qui est adoré par un futur symbole des ravages de la calvitie Cigarette
40%
Quand il est devenu chauve son charisme a quadruplé Ladislas
40%
Aime flex un maximum avec son accent anglais, de 2002, Générale en chef PomPomGirl 2022/2023 Léa Demol
40%
Célèbre histoire courte crée par Baptou, mélange efficace entre SF, Politique, tentacule et porno Ma bite révée
40%
Aime descendre les gens en faisant des critiques trop constructives, bouh regardez là c'est une 2004 (ce n'est pas lyse) Mathilde
40%
Bloquée à l'autre bout du monde à cause de la pluie, elle me déteste Stacey pope
40%
Mériterait un RDV chez le coiffeur vu la longueur, son répondeur est cultissime Vincent
40%
Coach en séduction et en mathématiques, ambassadeur du masculinisme agbeve
30%
Triste dans le groupe A parce que le groupe B lui manque :(((( Camille
30%
Le caca de lapin constitue 90% de ses sujets de discussions, il essaye de ressembler à une idole de son pays joop
30%
Met 18 par flemme de corriger (on l'embrasse) Julie
30%
Emmagasinent à eux seul environ 80% de la motivation à travailler du groupe B (...et...) Krys et pierre
30%
Bar où est né le concept de "Photo ah non c'etait une vidéo" Le B-routh
30%
Personne charismatique tenant une friterie près du CHU Mahmed Mahzouz
30%
Goûts de roi en musique mais a pécho sa bizuth Matthieu Bars
30%
Nous a quitté pour suivre son rêve, puisses tu réussir dans tes projets... Jeanne
20%
Tryptique de Jérome Bosch illustrant les vices de l'être humain, Elsa baCHman en est dingue Le jardin des délices
20%
Equivalent de black mirror dans un individu, sa mémoire visuelle est inégalée Sophie Dupont
20%
Endroit où est situé le Bioréacteur d'Emmanuel Macron, d'où il tire son énergie. Tallon d'achille
20%
Aucun quiz correspondant
Distribution des résultats
% des personnes avec chaque résultat
Percentile par nombre de réponses
Votre historique - résultats
Vous n’avez pas pris ce quiz depuis la dernière actualisation